Die Top 16 aller PDC Dartsspieler 1999 - Statistiken

Allgemein
  • Dieses Quiz wurde 18 mal gespielt
  • Das Durchschnittsergebnis liegt bei 7 aus 16
Antwortstatistiken
Weltranglistenplatz Land Dartsspieler % Korrekt
1 England Phil Taylor
100%
14 England John Lowe
83%
3 England Peter Manley
75%
11 England Bob Anderson
67%
5 England Dennis Priestley
67%
6 England Alan Warriner-Little
58%
2 England Rod Harrington
58%
8 England Peter Evison
42%
9 USA Steve Brown
42%
16 Schottland Jamie Harvey
33%
7 England Keith Deller
25%
10 USA Gary Mawson
17%
12 England Mick Manning
17%
13 England Graeme Stoddart
8%
15 England John Ferrell
8%
4 England Shayne Burgess
8%
Keine übereinstimmenden Quizze gefunden
Verteilung der Resultate
Anzahl Personen mit jedem Resultat
Perzentil nach korrekt beantworteten Fragen
Ihre Resultats-Entwicklung
Sie haben dieses Quiz noch nicht gespielt